| 000 | 00654cab a2200193 4500 | ||
|---|---|---|---|
| 001 | ABS45829 | ||
| 008 | 090401t1992 xxu||||| |||| 00| 0 eng d | ||
| 035 | _a(Sirsi) u55296 | ||
| 041 | _aeng | ||
| 245 | _aAnchorage away | ||
| 260 | _c1992 | ||
| 350 | _a0 | ||
| 490 |
_aChartered Surveyor Weekly _v38(8) 27 February 1992, 22-25(4) |
||
| 520 | _aRoad Test appraisal of the Anchorage, part of the Salford Quays project in Manchester, in which a panel of experts mark each facet of the buildings performance from an occupiers view point. | ||
| 650 | _aROAD TEST | ||
| 690 | _aBUILDING AND CONSTRUCTION-PROJECTS | ||
| 942 | _n0 | ||
| 948 | _c04/03/1997 | ||
| 999 |
_c33772 _d33772 |
||